Instituciones de derecho sindical y corporativo
Guardat en:
| Autor principal: | |
|---|---|
| Format: | Llibre |
| Idioma: | espanyol |
| Publicat: |
Madrid
Reus
1942
|
| Matèries: | |
| Etiquetes: |
Afegir etiqueta
Sense etiquetes, Sigues el primer a etiquetar aquest registre!
|
MARC
| LEADER | 00000nam a2200000 a 4500 | ||
|---|---|---|---|
| 001 | UCS2548 | ||
| 003 | CL-VaPUC | ||
| 008 | 970604e19420000SP |||||||||||||||||spa|d | ||
| 082 | 0 | 4 | |a 344.018 |b FER |2 21 |
| 100 | 0 | |a Feroci, Virgilio |e author |9 388118 | |
| 245 | 1 | 0 | |a Instituciones de derecho sindical y corporativo |
| 300 | |a 450 p | ||
| 942 | |c BK | ||
| 945 | |d 19970604 00:00:00 |a paguirre | ||
| 260 | |a Madrid |b Reus |c 1942 | ||
| 650 | 7 | |a DERECHO LABORAL |2 CL-VaPUC |9 15 | |
| 650 | 7 | |a DERECHOS SINDICALES |2 CL-VaPUC |9 16 | |
| 650 | 0 | |a Sindicatos |9 255034 | |
| 650 | 7 | |a DERECHO DE ASOCIACION |2 CL-VaPUC |9 388119 | |
| 650 | 7 | |a CONTRATO DE TRABAJO |2 CL-VaPUC |9 388120 | |
| 651 | 0 | |a Italia |9 254949 | |
| 583 | |a last modification |c 20170712 04:14:20 |k Rodrigo Vera | ||
| 999 | |c 260494 |d 260492 | ||
| 952 | |0 0 |1 0 |4 0 |6 344_018000000000000_FER_1942 |7 0 |8 A |9 286665 |a BIBDER |b BIBDER |d 2019-11-19 |i 1861069 |o 344.018 FER 1942 |p 1861069 |r 2023-01-25 |w 2019-11-19 |y BK |k DER | ||